| 000 | nam a22 7a 4500 | ||
|---|---|---|---|
| 999 |
_c233131 _d233131 |
||
| 003 | Nust | ||
| 005 | 20170302141042.0 | ||
| 008 | 170302b xxu||||| |||| 00| 0 eng d | ||
| 040 | _cDLC | ||
| 082 | _a297.26 KHA | ||
| 245 |
_aMoral Evolution :Role of Alquran _cKhan,Muhammad Ali |
||
| 260 |
_aLahore : _c1988 |
||
| 300 |
_a360p. : _c26cm |
||
| 942 |
_2ddc _cBK |
||